[Event "NOR-ch Elite 2017"]
[Site "Stavanger"]
[Date "2017.07.04"]
[Round "5"]
[White "Elsness, Frode"]
[Black "Lie, Espen"]
[Result "1/2-1/2"]
[WhiteElo "2450"]
[BlackElo "2462"]
[Annotator "TA"]
[PlyCount "76"]
[EventDate "2017.??.??"]
[EventType "swiss"]
[EventCountry "NOR"]
[SourceTitle "playchess.com"]
[Source "ChessBase"]
[SourceQuality "1"]

{[%evp 9,76,82,57,-5,36,0,0,0,0,-1,-5,-51,-53,-66,-72,-75,-74,-185,-108,-314,-293,-306,-313,-284,-287,-253,-119,-116,-113,-117,-72,-61,-29,-52,-25,-74,92,-19,184,146,135,-53,0,0,0,-125,-109,-178,-179,-272,-272,-276,-268,-265,-262,-252,-258,-227,0,-103,-50,-62,-39,-30,0,-62,0,-35,0]} 1. d4 d5 2. c4 dxc4 3. e4 b5 4. a4 c6 5. axb5 cxb5 6. b3 {D20: Queen's Gambit Accepted: 3 e3 and 3 e4} ({White should try} 6. Nc3 $14) (6. Nc3 a6 7. Nxb5 axb5 8. Rxa8 Bb7 9. Ra2 e6 10. Ne2 Bxe4 11. b3 Nf6 12. bxc4 bxc4 {½-½ (45) Ding,L (2766)-Ponomariov,R (2712) Huaian 2016}) 6... e6 (6... e5 $5) 7. Nf3 Nf6 8. bxc4 {The position is equal.} Nxe4 9. Bd3 Bb7 $146 ({Predecessor:} 9... Bb4+ 10. Nbd2 Bb7 11. cxb5 Nd7 12. O-O Nxd2 13. Bxd2 Bxf3 14. gxf3 Bxd2 15. Qxd2 {½-½ (44) Bischof,G-Leisebein,P GER email 2009}) 10. Qb3 b4 11. O-O Be7 12. c5 a5 13. Ne5 (13. Bb5+ $17 Bc6 14. Qd3 Bxb5 15. Qxb5+ Qd7 16. Rxa5) 13... O-O (13... Qxd4 $19 14. Bb2 Nxc5 15. Qa4+ Qd7) 14. c6 $2 (14. Bb2 $17 Bd5 15. Qc2) 14... Nxc6 $19 15. Bxe4 Nxd4 16. Qd3 Bxe4 17. Qxe4 {[#]} Qd5 (17... f5 $1 $19 {[%cal Rf5e4] has better winning chances.} 18. Qd3 Bf6) 18. Qxd5 $17 exd5 19. Ra4 Rfc8 {[%mdl 1024] Black has strong compensation.} 20. Nd3 Rc4 21. Re1 Ne6 22. Bb2 Bf6 $2 (22... Nc5 $17 {keeps the pressure on.} 23. Nxc5 Bxc5) 23. Kf1 ({White should play} 23. Bxf6 $16 {Strongly threatening Nd2.} gxf6 24. Nd2) 23... h6 $2 (23... Bxb2 $11 24. Nxb2 Rd4) 24. Bxf6 $18 gxf6 25. Ke2 $2 (25. Nd2 $16 Rd4 26. Re3) 25... Re4+ (25... Kf8 $15) 26. Kf1 $11 Rd4 27. Nb2 (27. Re3 $11 {keeps the balance.}) 27... Nc5 $36 {[%mdl 2048] Black is on the roll.} 28. Ra1 (28. Ra2 $17) 28... a4 $19 {[%cal Ba5a4,Ba4a3][%mdl 32]} 29. Rd1 (29. Rc1 $142 Nb3 30. Rxa4 Rxa4 31. Rc8+ Kg7 32. Nxa4 Rd1+ 33. Ke2 Rxb1 34. Rb8) 29... Rxd1+ 30. Nxd1 a3 31. Ra2 Nb3 32. Ne3 Nc1 33. Ra1 {[#]} Nb3 (33... a2 $1 $19 34. Nd2 b3) 34. Ra2 $17 d4 (34... Kg7 $17 35. Nxd5 Nc1 36. Nxb4 Nxa2 37. Nxa2 Rb8) 35. Nd5 Nc1 36. Ra1 Nb3 37. Ra2 Nc1 38. Ra1 Nb3 {Precision: White = 34%, Black = 25%.} 1/2-1/2

[Event "NOR-ch Elite 2017"]
[Site "Stavanger"]
[Date "2017.07.04"]
[Round "5"]
[White "Kaasen, Tor Fredrik"]
[Black "Fossan, Erik"]
[Result "1/2-1/2"]
[WhiteElo "2409"]
[BlackElo "2342"]
[Annotator "TA"]
[PlyCount "68"]
[EventDate "2017.??.??"]
[EventType "swiss"]
[EventCountry "NOR"]
[SourceTitle "playchess.com"]
[Source "ChessBase"]
[SourceQuality "1"]

{[%evp 9,68,13,25,23,20,22,21,31,35,29,36,14,23,16,21,-30,-34,-27,-23,-32,-24,-22,-45,-37,-37,-33,-29,-33,0,-48,-47,-79,-60,-66,-74,-87,-84,-94,-95,-83,-79,-113,-61,-71,-40,-42,-59,-54,-36,-24,0,0,0,0,0,0,0,0,0,0,0]} 1. d4 Nf6 2. c4 e6 3. Nf3 c5 4. d5 b5 5. e4 Nxe4 6. Bd3 {E10: Blumenfeld Gambit} Nf6 7. Nc3 bxc4 8. Bxc4 Ba6 9. Bxa6 Nxa6 10. O-O Nc7 {[%cal Rf6d5]} (10... Nb4 11. Bg5 h6 12. Bxf6 Qxf6 13. Re1 {1-0 (39) Tari,A (2571)-Antipov,M (2584) Izmir 2016}) 11. Bg5 $146 ({Predecessor:} 11. d6 Ncd5 12. Nxd5 Nxd5 13. Re1 {0-1 (48) Kleiser,G (2300)-Kilgus,G (2445) Vienna 2014}) 11... d6 12. Re1 ({White should try} 12. Bxf6 gxf6 13. b4) 12... Be7 $1 $11 {[%cal Rc7d5]} 13. dxe6 fxe6 14. Bxf6 Bxf6 15. Nd5 O-O 16. Nxc7 Qxc7 17. Rxe6 Rab8 18. Rb1 Bxb2 19. Qd5 Qf7 20. Rf1 {Ng5 would now be nice for White.} Bf6 21. Rfe1 Rbc8 22. Qxd6 c4 {[%cal Bc5c4,Bc4c3][%mdl 32]} 23. Qd2 c3 24. Qc2 Rb8 25. Qa4 Rb2 (25... Rfc8 $17 {Threatens to win with ...c2.} 26. R6e2 Qg6) 26. Re8 g6 {Hoping for ...Rxe8.} 27. Rxf8+ Kxf8 28. h4 c2 29. Nd4 Bxd4 30. Qxd4 {The position is equal.} Rb1 31. Qh8+ Qg8 32. Qf6+ Qf7 33. Qh8+ Qg8 34. Qf6+ Qf7 {Precision: White = 67%, Black = 51%.} 1/2-1/2

[Event "NOR-ch Elite 2017"]
[Site "Stavanger"]
[Date "2017.07.04"]
[Round "5"]
[White "Holm, Kristian Stuvik"]
[Black "Hauge, Lars Oskar"]
[Result "1/2-1/2"]
[WhiteElo "2403"]
[BlackElo "2439"]
[Annotator "TA"]
[PlyCount "62"]
[EventDate "2017.??.??"]
[EventType "swiss"]
[EventCountry "NOR"]
[SourceTitle "playchess.com"]
[Source "ChessBase"]
[SourceQuality "1"]

{[%evp 22,62,0,0,0,0,0,0,0,0,0,0,0,0,0,0,0,0,0,0,0,0,0,0,0,0,0,0,0,0,0,0,0,0,0,0,0,0,0,0,0,0,0]} 1. d4 Nf6 2. Bf4 d5 3. e3 e6 4. Nd2 c5 5. c3 Nc6 6. Ngf3 Bd6 7. Bg3 O-O 8. Bb5 {D02: 1 d4 d5 2 Nf3 sidelines, including 2...Nf6 3 g3 and 2...Nf6 3 Bf4} Bxg3 9. hxg3 Qb6 10. Bxc6 (10. a4 h6 11. O-O Ne7 12. Qb3 Qc7 13. a5 Bd7 14. Be2 Ng6 15. Qa3 c4 {1-0 (38) Carlsen,M (2832)-Caruana,F (2808) Paris 2017}) 10... bxc6 11. Qc2 Rb8 12. Rb1 {LiveBook: 3 Games. The position is equal.} cxd4 13. cxd4 Ba6 14. Ne5 {[#]} Qb5 $146 {[%csl Ga6][%cal Rb5e2] [#]} ({Predecessor:} 14... Rfc8 15. b4 Qb5 {½-½ (46) Kamsky,G (2673)-Sevian,S (2565) Chicago 2015}) 15. Nb3 {aiming for Nc5.} Ne4 16. f3 f6 17. Nxc6 Rfc8 18. Ne7+ Kf7 19. Nxc8 Rxc8 20. Qd1 ({Don't do} 20. Nc5 $6 Nxc5 21. dxc5 Rxc5 $16) 20... Qb4+ 21. Nd2 Nxg3 22. Rh3 Nf1 23. f4 Bd3 24. Rc1 $1 {[%cal Rc1c8] [#]} Nxd2 $1 {[%mdl 512]} 25. Rxc8 (25. Qxd2 Rxc1+) 25... Ne4+ 26. Rc3 $1 Nxc3 27. bxc3 Qxc3+ 28. Qd2 Qa1+ 29. Qd1 Qc3+ 30. Qd2 Qa1+ 31. Qd1 Qc3+ {Precision: White = 95%, Black = 100%.} 1/2-1/2

[Event "NOR-ch Elite 2017"]
[Site "Stavanger"]
[Date "2017.07.04"]
[Round "5"]
[White "Haldorsen, Benjamin"]
[Black "Risting, Eivind Olav"]
[Result "1/2-1/2"]
[WhiteElo "2370"]
[BlackElo "2307"]
[Annotator "TA"]
[PlyCount "95"]
[EventDate "2017.??.??"]
[EventType "swiss"]
[EventCountry "NOR"]
[SourceTitle "playchess.com"]
[Source "ChessBase"]
[SourceQuality "1"]

{[%evp 19,95,25,38,21,16,23,14,0,0,0,0,0,10,6,29,29,32,4,4,4,4,4,4,4,4,7,6,4,4,4,14,0,11,11,27,9,8,7,5,0,0,0,0,-7,-7,-7,-7,-7,-7,-18,-7,-7,-7,-7,-7,-7,0,0,0,-13,0,0,0,0,0,0,0,0,0,-9,-7,-7,0,0,0,0,0,0]} 1. e4 e6 2. d4 d5 3. Nd2 a6 4. Bd3 c5 5. c3 Nc6 6. Ngf3 cxd4 7. cxd4 dxe4 8. Nxe4 Be7 9. O-O Nf6 10. Be3 {D05: Colle System with ...e6} (10. Nxf6+ Bxf6 11. Be3 O-O 12. Be4 Nb4 13. Qb3 Nd5 14. Bxd5 Qxd5 15. Qxd5 exd5 16. Rac1 Bd8 17. Rfe1 f6 {½-½ (60) Najer,E (2624)-Bartel,M (2596) Dresden 2007}) 10... O-O {LiveBook: 6 Games} 11. Rc1 Nb4 12. Nxf6+ Bxf6 13. Bb1 Bd7 14. Ne5 Bb5 15. Re1 ({Avoid the trap} 15. Qh5 $2 g6 $19) 15... Bxe5 $146 ({Predecessor:} 15... Nd5 16. Qc2 g6 17. Bh6 Bg7 18. Bxg7 Kxg7 {0-1 (69) Rodsmoen,M (1947)-Vestby Ellingsen,M (2179) Oslo 2017}) 16. dxe5 Qxd1 (16... Nd3 {seems wilder.} 17. Bxd3 Qxd3 18. Qxd3 Bxd3 19. Bb6 Rfc8) 17. Rexd1 {[#] Bc5 is the strong threat.} Rfd8 18. a3 {Black must now prevent Rxd8+.} Nd3 19. Bxd3 Rxd3 20. Rxd3 Bxd3 $11 {[%mdl 4096] Endgame KRB-KRB} 21. Rc7 Be4 22. f3 Bc6 23. Kf2 h6 24. Bb6 a5 25. Ke3 a4 26. h4 {[%cal Bh2h4,Bh4h5][%mdl 32]} Ra6 27. Bd4 Ra8 {The position is equal.} 28. h5 Rd8 29. Bc5 Rd1 30. Rc8+ Kh7 31. Bd4 Rh1 32. Rf8 Rxh5 33. Rxf7 Rh1 34. Bc3 Rg1 35. Kf2 Rd1 36. g4 Kg8 37. Rf4 Rd3 38. Ke2 Bb5 {[#] aiming for ...Rxc3+.} 39. Rb4 Rd5+ (39... Rxc3+ $5 40. Rxb5 Rb3 41. Rxb3 axb3 $11) 40. Ke3 Bc6 41. f4 {[%cal Bf3f4,Bf4f5,Bf5f6][%mdl 32]} Rd1 42. f5 Kf7 43. f6 Rf1 44. Ke2 Rg1 45. Rf4 Rg3 46. Kf2 Rg2+ 47. Kf1 Rg3 48. Kf2 {Precision: White = 56%, Black = 69%.} 1/2-1/2

[Event "NOR-ch Elite 2017"]
[Site "Stavanger"]
[Date "2017.07.04"]
[Round "5"]
[White "Gronn, Atle"]
[Black "Machlik, Endre"]
[Result "1-0"]
[WhiteElo "2331"]
[BlackElo "2157"]
[Annotator "TA"]
[PlyCount "91"]
[EventDate "2017.??.??"]
[EventType "swiss"]
[EventCountry "NOR"]
[SourceTitle "playchess.com"]
[Source "ChessBase"]
[SourceQuality "1"]

{[%evp 20,91,0,12,43,49,53,37,40,43,56,30,37,36,52,34,59,49,99,95,96,90,74,51,72,53,97,63,127,116,227,85,95,26,27,24,104,78,125,126,156,67,121,114,112,109,191,143,127,136,142,116,218,159,299,316,285,264,364,300,336,300,747,756,1008,1008,916,981,4978,3395,29992,29993,29993,29994]} 1. Nf3 d5 2. d4 Nf6 3. c4 c6 4. e3 Bf5 5. Nc3 e6 6. Nh4 Be4 7. f3 Bg6 8. Qb3 Qc7 9. Nxg6 {D12: Slav Defence: 3 Nf3 Nf6 4 e3 Bf5} (9. Bd2 a6 10. Rc1 dxc4 11. Bxc4 Nbd7 12. a4 Be7 13. g3 Bh5 14. O-O O-O 15. Ng2 Rad8 16. Nf4 Kh8 {½-½ (34) So,W (2822)-Caruana,F (2817) chess.com INT 2017}) 9... hxg6 10. g3 Bd6 11. f4 {LiveBook: 4 Games. The position is equal.} Ng4 12. Be2 $146 ({Predecessor:} 12. h3 f5 13. Bd2 Nd7 14. Bg2 Ngf6 15. O-O-O {½-½ (30) Kranz,A (2100)-Czoeppan,T (2049) Austria 2011}) 12... Nf6 13. Bf3 Nbd7 14. Bd2 Rc8 15. c5 Be7 16. Qc2 b6 17. b4 a5 18. a3 $1 Ra8 19. O-O O-O 20. g4 g5 21. Kh1 g6 22. Rae1 Kg7 23. e4 dxe4 (23... axb4 $14 24. axb4 dxe4 25. Nxe4 gxf4) 24. Nxe4 $16 Nd5 (24... gxf4 $16 25. cxb6 Nxb6) 25. fxg5 (25. f5 $18 {has better winning chances.}) 25... Rh8 {[%csl Gh8][%cal Rc7h2] [#]} 26. Rf2 (26. Re2 $1 $16) 26... axb4 $11 27. Bxb4 b5 (27... bxc5 $11 {remains equal.} 28. dxc5 Raf8) 28. Qd2 $16 Rh3 29. Ref1 {Nd6 is the strong threat.} Rf8 {[#]} 30. Kg1 ({Better is} 30. Nd6 $1 $16 {aiming for Bxd5.} Nxb4 31. Qxb4) 30... Qd8 (30... Kg8 $14) 31. Bg2 $36 {[%mdl 2048] White is in control.} Rh7 32. h3 Qc7 (32... Kh8 $16 {keeps fighting.} 33. Rf3 Kg8) 33. Rf3 Kg8 34. Qf2 Qb8 35. h4 Qc7 (35... e5 $16 {was called for.}) 36. Nf6+ N7xf6 (36... Bxf6 $16 {is a better defense.} 37. gxf6 e5) 37. gxf6 $18 Bd8 38. Bd2 Qb8 39. Bg5 Bc7 40. Rh3 Kh8 $2 (40... b4 41. Rb1 Qb5) 41. h5 gxh5 42. Be4 Rg8 43. Qh4 {White threatens Qxh5! and mate.} Nf4 44. Bxf4 {Intending Qxh5! and mate.} Bxf4 {[#]} 45. Qxh5 $1 {[%csl Ge4,Gh3][%cal Rh5h7][%mdl 512]} Bh6 (45... Rxh5 46. Rxh5+) 46. Bxh7 {Precision: White = 56%, Black = 27%.} 1-0

[Event "NOR-ch Elite 2017"]
[Site "Stavanger"]
[Date "2017.07.04"]
[Round "5"]
[White "Gandrud, Vegar Koi"]
[Black "Mihajlov, Sebastian"]
[Result "1-0"]
[WhiteElo "2330"]
[BlackElo "2414"]
[Annotator "TA"]
[PlyCount "93"]
[EventDate "2017.??.??"]
[EventType "swiss"]
[EventCountry "NOR"]
[SourceTitle "playchess.com"]
[Source "ChessBase"]
[SourceQuality "1"]

{[%evp 14,93,41,30,50,50,63,65,72,31,67,63,88,77,151,142,157,150,161,169,216,186,200,160,178,173,183,165,181,176,220,208,207,210,239,241,224,221,188,166,187,175,176,98,102,98,194,191,226,168,260,274,226,194,198,136,156,144,220,214,225,213,196,118,597,577,1252,1240,5273,1784,2658,2359,5385,2070,2048,1229,12833,12833,12838,12836,12838,12838]} 1. d4 Nf6 2. c4 g6 3. Nc3 Bg7 4. e4 d6 5. Nf3 O-O 6. Be2 e5 7. d5 a5 8. Be3 {LiveBook: 207 Games} Qe8 {E92: King's Indian: Classical: 6 Be2 e5: 7 dxe5, 7 Be3 and Petrosian System without 7...Nbd7} (8... Ng4 9. Bg5 f6 10. Bc1 f5 11. Ng5 Na6 12. exf5 gxf5 13. h3 Nf6 14. f4 Qe7 15. fxe5 dxe5 16. O-O Nc5 {½-½ (34) Kovalenko,I (2661)-Shimanov,A (2594) Dubai 2015}) 9. Nd2 Na6 10. a3 Bd7 {White is slightly better.} 11. b3 c6 $146 ({Predecessor:} 11... Kh8 12. h4 Ng8 13. f3 f5 14. Qc2 Bh6 15. Bf2 Nf6 16. Bd3 Nh5 17. O-O-O {½-½ (45) Radocaj,D (2339)-Zufic,M (2375) Rabac 2004}) 12. O-O h6 13. Bb6 {[%cal Be3b6,Bb6a5,Ba5c3][%mdl 32]} c5 (13... Qb8 $142) 14. Bxa5 Qb8 15. Nb5 b6 16. Bc3 h5 17. Qc2 Ne8 18. b4 Bh6 19. Nb3 f5 20. exf5 Bxf5 21. Bd3 Ng7 22. Nd2 Qd8 23. Ne4 Bxe4 24. Bxe4 Nf5 25. Qd3 Kh7 26. Bd2 Bxd2 27. Qxd2 Nc7 28. bxc5 (28. Nc3 $18) 28... Nxb5 $16 29. cxb5 {Hoping for c6.} bxc5 (29... dxc5 $16 30. Qd1 Qh4 31. Bxf5 Rxf5) 30. f4 {aiming for fxe5.} exf4 31. Rxf4 Nd4 (31... Qf6 {was necessary.} 32. Raf1 Rxa3 33. Bxf5 gxf5) 32. Rxf8 Qxf8 33. Qd3 Kg7 34. Rb1 (34. Bxg6 Qf6 $11) ({White should try} 34. a4 $18) 34... Qe7 35. b6 ({Stronger than} 35. Bxg6 Ne2+ 36. Kh1 Nf4 $17) 35... Rb8 (35... Qe5 $16) 36. a4 $18 {Black must now prevent a5.} ({And not} 36. Bxg6 Ne2+ 37. Kh1 Nf4 $11) 36... Qe5 37. a5 ({Inferior is} 37. Bxg6 Ne2+ 38. Kh1 Nf4 $11) 37... c4 38. Qe3 {And now b7 would win.} c3 $2 {[%mdl 8192]} (38... Nc2 $16 {is tougher.} 39. Qe2 Nd4) 39. Re1 {White is clearly winning.} c2 {[#]} 40. Bxc2 $1 {[%mdl 512]} Nxc2 41. Qxe5+ dxe5 {[%mdl 4096] Endgame [#] KRN-KR} 42. Rb1 $1 Na3 43. a6 Nxb1 44. a7 Rxb6 45. a8=Q Rd6 {[#]} 46. Qc6 $1 {[%mdl 512]} Rf6 (46... Rxc6 47. dxc6) 47. Qb7+ {Precision: White = 79%, Black = 24%.} 1-0

[Event "NOR-ch Elite 2017"]
[Site "Stavanger"]
[Date "2017.07.04"]
[Round "5"]
[White "Moen, Andreas"]
[Black "Tari, Aryan"]
[Result "0-1"]
[WhiteElo "2329"]
[BlackElo "2595"]
[Annotator "TA"]
[PlyCount "74"]
[EventDate "2017.??.??"]
[EventType "swiss"]
[EventCountry "NOR"]
[SourceTitle "playchess.com"]
[Source "ChessBase"]
[SourceQuality "1"]

{[%evp 29,74,27,41,0,0,0,2,0,0,0,0,-27,-33,-52,-45,-50,-45,-58,-54,-56,-58,-55,-66,-60,-19,-21,-36,-118,-76,-87,-90,-53,-39,-163,-153,-1891,-1870,-1457,-1387,-864,-773,-12833,-12833,-6716,-6303,-5497,-5489]} 1. e4 c5 2. Nf3 d6 3. d4 cxd4 4. Nxd4 Nf6 5. Nc3 a6 6. Be3 e5 7. Nb3 Be6 8. f3 Nbd7 9. g4 b5 10. g5 Nh5 11. Qd2 Be7 12. O-O-O {B90: Sicilian Najdorf: Unusual White 6th moves, 6 Be3 Ng4 and 6 Be3 e5} Nb6 13. Na5 Qc7 14. Nd5 Nxd5 15. exd5 Bd7 {[#] LiveBook: 11 Games} 16. Nc6 $146 (16. Bg2 {keeps more tension.} O-O 17. Nc6 Bxc6 18. dxc6 Qxc6 19. f4) ({Predecessor:} 16. Kb1 O-O 17. Rg1 g6 18. c4 f6 19. Rc1 Bf5+ {0-1 (47) Dominguez Perez,L (2732)-Nepomniachtchi,I (2703) Sochi 2016}) 16... Bxc6 17. dxc6 Qxc6 18. f4 (18. Bh3 {looks sharper.} g6 19. Bg4 O-O 20. Kb1 Rad8 21. Bxh5 gxh5 22. f4) 18... Nxf4 {[#]} 19. Bxf4 $1 {[%mdl 512]} exf4 20. Qxf4 h6 21. gxh6 Rxh6 22. Bd3 Rd8 23. h4 Qc5 24. Kb1 Kf8 25. h5 Bf6 {[%cal Be7f6,Bf6c3,Bc3b2][%mdl 32]} 26. Qg4 Re8 27. a3 a5 28. Bf5 (28. c3 $15) 28... b4 29. Rhe1 Rb8 $40 {[%mdl 128] Black attacks with force.} 30. a4 {[#]} Bc3 $1 {[%mdl 512]} 31. Re4 (31. Re2 $1 $15) (31. bxc3 bxc3+) 31... b3 $19 32. Rc4 $2 (32. cxb3 $17 Rxb3 33. Re2) 32... bxc2+ {Black is clearly winning.} 33. Kxc2 Qf2+ 34. Kd3 Bxb2 {And now ...d5 would win.} 35. Rc8+ Rxc8 36. Bxc8 Rf6 37. Bb7 Re6 {Precision: White = 41%, Black = 79%.} 0-1

[Event "NOR-ch Elite 2017"]
[Site "Stavanger"]
[Date "2017.07.04"]
[Round "5"]
[White "Aulin-Jansson, Joran"]
[Black "Tryggestad, Andreas Garberg"]
[Result "1-0"]
[WhiteElo "2267"]
[BlackElo "2324"]
[Annotator "TA"]
[PlyCount "83"]
[EventDate "2017.??.??"]
[EventType "swiss"]
[EventCountry "NOR"]
[SourceTitle "playchess.com"]
[Source "ChessBase"]
[SourceQuality "1"]

{[%evp 12,83,12,-14,33,-24,-26,-83,78,72,97,37,26,25,34,29,35,52,49,45,109,83,83,93,98,82,108,113,110,75,86,68,118,116,139,108,118,93,134,144,202,129,247,241,329,144,138,0,0,0,0,0,0,0,8,8,8,8,8,0,516,507,455,541,733,707,1254,1029,983,985,912,906,1965,1754]} 1. e4 c5 2. Nc3 e6 3. f4 a6 4. g3 b5 {[%cal Bb7b5,Bb5b4][%mdl 32]} 5. Bg2 Bb7 6. d3 d5 7. Nf3 {LiveBook: 9 Games. B23: Closed Sicilian: Lines without g3} (7. exd5 exd5 8. Nf3 Nf6 9. O-O Be7 10. Nh4 Qd7 11. f5 h6 12. Bf4 Nc6 13. Qd2 O-O-O 14. a3 Rhe8 {0-1 (55) Andriasian,Z (2631)-Zhigalko,S (2664) Martuni 2013}) 7... b4 8. Ne2 (8. exd5 $14 bxc3 9. dxe6 fxe6 10. bxc3) 8... dxe4 $11 9. Ng5 (9. Nd2 $11 {keeps the balance.}) 9... exd3 $2 (9... Qb6 $17 {stays on course.} 10. Bxe4 Nc6) 10. Bxb7 $16 Ra7 11. Be4 ({Inferior is} 11. cxd3 Rxb7 12. O-O Be7 $17) (11. Qxd3 Qxd3 12. cxd3 Rxb7 $17) (11. Nxf7 $16 Kxf7 12. Bg2) 11... dxe2 $14 12. Qxd8+ ({But not} 12. Kxe2 Rd7 $17) 12... Kxd8 13. Nxh7 Be7 $146 14. Ng5 $1 $36 {[%cal Rg5f7][%mdl 2048] White is pushing.} ({Not} 14. Kxe2 $2 f5 $19) 14... Ke8 15. Kxe2 f5 ({Black should play} 15... Nf6 $14) 16. Bd3 Bxg5 17. fxg5 Ne7 18. Be3 Nd7 19. a3 Nd5 20. Bf2 Kf7 21. h4 Rc8 22. Rhd1 $1 N7b6 23. Kf1 a5 24. b3 Nc3 25. Re1 {Strongly threatening axb4.} Ncd5 (25... Nbd5 $16 {was called for.}) 26. Re5 Raa8 (26... bxa3 $16 27. Rxa3 g6) 27. axb4 axb4 {[#]} 28. Rxa8 (28. g6+ $1 $18 {[%mdl 512] has better winning chances.} Kxg6 29. Rxa8 Rxa8 30. Rxe6+ Kf7 31. Rd6) 28... Rxa8 $16 29. Bxc5 (29. Re1 $16) 29... Nd7 $11 30. Rxd5 exd5 31. Bxb4 {[%mdl 4096] Endgame KRN-KB} Ke6 32. Bc3 g6 33. g4 Ne5 34. gxf5+ gxf5 35. h5 {[%cal Bh4h5,Bh5h6][%mdl 32] Black must now prevent h6.} (35. Bxe5 $5 Kxe5 36. Kf2 $11) 35... Nf3 $2 {[%mdl 8192]} (35... Nxd3 $11 36. cxd3 Rc8) 36. g6 $18 {[%cal Bg5g6,Bg6g7][%mdl 32] White is clearly winning.} d4 {[#]} 37. Bb2 $1 Rd8 38. h6 Nh2+ 39. Ke2 Kf6 40. g7 Re8+ 41. Kd1 Kg6 42. Bc4 {Precision: White = 36%, Black = 32%.} 1-0

[Event "NOR-ch Elite 2017"]
[Site "Stavanger"]
[Date "2017.07.05"]
[Round "6"]
[White "Hammer, Jon Ludvig"]
[Black "Christiansen, Johan-Sebastian"]
[Result "1-0"]
[WhiteElo "2628"]
[BlackElo "2471"]
[Annotator "TA"]
[PlyCount "73"]
[EventDate "2017.??.??"]
[EventType "swiss"]
[EventCountry "NOR"]
[SourceTitle "playchess.com"]
[Source "ChessBase"]
[SourceQuality "1"]

{[%evp 9,73,0,47,39,47,45,40,33,43,35,53,62,75,59,85,82,91,74,103,75,94,54,45,40,106,101,120,100,112,70,104,97,96,83,92,102,126,116,150,153,160,156,245,206,397,413,531,536,961,904,1508,1440,1375,1206,29991,29992,29992,0,1252,0,29992,29974,1679,1091,29974,29975]} 1. c4 e5 2. Nc3 Bb4 3. Nd5 Bc5 4. e3 Nf6 5. b4 Bf8 $146 (5... Be7 $5) ({Predecessor:} 5... Nxd5 6. bxc5 Nf6 7. Nf3 Nc6 8. Be2 O-O 9. Bb2 d6 10. cxd6 cxd6 11. O-O Re8 12. a4 b6 {1-0 (33) Giri,A (2771)-Anand,V (2786) Stavanger 2017}) 6. Bb2 {A21: English Opening: 1...e5 2 Nc3} Nxd5 7. cxd5 d6 8. d4 {White is slightly better.} Be7 9. Bd3 exd4 10. Bxd4 Bf6 11. Ne2 c6 12. O-O O-O 13. Rc1 Bg4 14. Qb3 Be5 15. Rfd1 {Threatens to win with Bxe5.} Bxd4 16. exd4 Qg5 (16... a5 $14) 17. h3 $16 Bf5 18. Bxf5 Qxf5 19. Ng3 Qxd5 20. Qxd5 cxd5 {[#]} 21. Nf5 $1 $36 {[%mdl 2048] White is on the roll.} Nc6 22. b5 Na5 23. Rc7 Rfe8 24. Nxd6 Re2 25. a4 (25. Nxf7 $6 Rf8 $14) (25. Rxf7 $6 Rd8 $14) 25... Rb8 (25... b6 $16 26. Rdc1 (26. Nxf7 Rf8 $14) 26... h5) 26. Rd3 ({Don't do} 26. Rxf7 $6 Rd8 $16) ({Not} 26. Nxf7 Rf8 $14) 26... Ra2 $2 (26... Nc4 {was necessary.}) 27. Re3 $18 Rf8 28. Ree7 Nb3 29. Nxf7 {White threatens Nh6+! and mate.} Ra1+ 30. Kh2 {Nh6+! would kill now.} Nd2 31. h4 {White wants to mate with Nh6+!} Ne4 {[#]} 32. Nh6+ $1 {[%mdl 512]} Kh8 (32... gxh6 33. Rg7+) 33. Nf7+ (33. Rf7 $142 Rg8 34. Nxg8 Kxg8 35. Rxg7+ Kf8 36. Rcf7+ Ke8 37. Rxb7 Kf8 38. Rgf7+ Ke8 39. Rxh7) 33... Kg8 {[#]} 34. Nh6+ $1 {[%mdl 512]} Kh8 (34... gxh6 35. Rg7+) 35. Rxg7 {[%csl Gc7][%cal Rg7h7]} Nf6 36. f3 Rxa4 37. Rg3 {Precision: White = 73%, Black = 22%.} 1-0